Postavenie diamantov vo svetovom hospodárstve diplomová práca

Salvato in:
Dettagli Bibliografici
Autore principale: Lindovský, Tibor
Ente Autore: Fakulta medzinárodných vzťahov EU. Katedra medzinárodných ekonomických vzťahov a hospodárskej diplomacie
Altri autori: Cséfalvayová, Katarína
Natura: Libro
Lingua:slovacco
Pubblicazione: Bratislava 2015
Tags: Aggiungi Tag
Nessun Tag, puoi essere il primo ad aggiungerne!!

MARC

LEADER 00000nbm a2200000 4500
001 0201141
005 20161212095935.1
041 0 |a slo 
044 |a SK 
245 1 0 |a Postavenie diamantov vo svetovom hospodárstve  |b diplomová práca  |c Tibor Lindovský ; školiteľ: Katarína Cséfalvayová 
264 1 |a Bratislava  |c 2015 
300 |a 73 s. 
100 1 |a Lindovský, Tibor 
700 1 |a Cséfalvayová, Katarína 
710 2 |a Fakulta medzinárodných vzťahov EU. Katedra medzinárodných ekonomických vzťahov a hospodárskej diplomacie